Organizations, publications, and directories in the mass media of communications.

Bibliographic Details
Format: Serial
Language:English
Published: Iowa City : School of Journalism, University of Iowa.
Subjects:

MARC

Tag First Indicator Second Indicator Subfields
LEADER 00000cas a2200000 4500
001 in00000426921
005 20151012061234.0
008 860926d19601966iauuu r 0uu0a0eng d
035 |a (OCoLC)14269025 
035 |9 ABV5020AM 
040 |a COO  |c COO  |d TXA  |d UtOrBLW 
049 |a TXAE 
090 |a P90.A1  |b O68 
092 |a 808  |b A1P485o 
245 0 0 |a Organizations, publications, and directories in the mass media of communications. 
264 1 |a Iowa City :  |b School of Journalism, University of Iowa. 
300 |a 3 volumes ;  |c 28 cm. 
336 |a text  |b txt  |2 rdacontent 
337 |a unmediated  |b n  |2 rdamedia 
338 |a volume  |b nc  |2 rdacarrier 
362 0 |a 1st-3rd ed; 1960-1966 
500 |a [1st] edition- compiled by Wilbur Peterson. 
650 0 |a Mass media  |x Information services  |x Periodicals. 
650 0 |a Mass media  |v Periodicals. 
999 |a MARS 
999 f f |s 46c5b849-0fc9-3c7a-9da9-182a8131bf5d  |i 36fa18fe-badb-38df-9d73-c00b8d896d1b  |t 0 
952 f f |p normal  |a Texas A&M University  |b College Station  |c Sterling C. Evans Library  |d Evans: Library Stacks  |t 0  |e P90.A1 O68  |h Library of Congress classification  |i unmediated -- volume  |l 1960  |m A14828061158 
952 f f |p normal  |a Texas A&M University  |b College Station  |c Sterling C. Evans Library  |d Evans: Library Stacks  |t 0  |e P90.A1 O68  |h Library of Congress classification  |i unmediated -- volume  |l 1965  |m A14828061069 
998 f f |a P90.A1 O68  |s 1960,1965  |t 0  |l Evans: Library Stacks